<?xml version="1.0" encoding="UTF-8"?>
<record
    xmlns:xsi="http://www.w3.org/2001/XMLSchema-instance"
    xsi:schemaLocation="http://www.loc.gov/MARC21/slim http://www.loc.gov/standards/marcxml/schema/MARC21slim.xsd"
    xmlns="http://www.loc.gov/MARC21/slim">

  <leader>02196nam a22002417a 4500</leader>
  <controlfield tag="003">NALT</controlfield>
  <controlfield tag="005">20250404091522.0</controlfield>
  <controlfield tag="008">250402b        th ||||| |||| 00| 0 tha d</controlfield>
  <datafield tag="040" ind1=" " ind2=" ">
    <subfield code="a">NALT</subfield>
  </datafield>
  <datafield tag="050" ind1=" " ind2=" ">
    <subfield code="a">BQ 5020</subfield>
    <subfield code="b">&#xE22;442&#xE17; 2568</subfield>
  </datafield>
  <datafield tag="110" ind1="2" ind2=" ">
    <subfield code="a">&#xE22;&#xE38;&#xE27;&#xE1E;&#xE38;&#xE17;&#xE18;&#xE34;&#xE01;&#xE2A;&#xE21;&#xE32;&#xE04;&#xE21;&#xE41;&#xE2B;&#xE48;&#xE07;&#xE1B;&#xE23;&#xE30;&#xE40;&#xE17;&#xE28;&#xE44;&#xE17;&#xE22; &#xE43;&#xE19;&#xE1E;&#xE23;&#xE30;&#xE1A;&#xE23;&#xE21;&#xE23;&#xE32;&#xE0A;&#xE39;&#xE1B;&#xE16;&#xE31;&#xE21;&#xE20;&#xE4C;</subfield>
    <subfield code="9">65642</subfield>
  </datafield>
  <datafield tag="245" ind1="1" ind2="0">
    <subfield code="a">&#xE40;&#xE17;&#xE28;&#xE19;&#xE4C;&#xE1E;&#xE23;&#xE30;&#xE21;&#xE32;&#xE25;&#xE31;&#xE22; /</subfield>
    <subfield code="c">&#xE22;&#xE38;&#xE27;&#xE1E;&#xE38;&#xE17;&#xE18;&#xE34;&#xE01;&#xE2A;&#xE21;&#xE32;&#xE04;&#xE21;&#xE41;&#xE2B;&#xE48;&#xE07;&#xE1B;&#xE23;&#xE30;&#xE40;&#xE17;&#xE28;&#xE44;&#xE17;&#xE22; &#xE43;&#xE19;&#xE1E;&#xE23;&#xE30;&#xE1A;&#xE23;&#xE21;&#xE23;&#xE32;&#xE0A;&#xE39;&#xE1B;&#xE16;&#xE31;&#xE21;&#xE20;&#xE4C;.</subfield>
  </datafield>
  <datafield tag="260" ind1=" " ind2=" ">
    <subfield code="a">&#xE01;&#xE23;&#xE38;&#xE07;&#xE40;&#xE17;&#xE1E;&#xE2F; :</subfield>
    <subfield code="b">&#xE22;&#xE38;&#xE27;&#xE1E;&#xE38;&#xE17;&#xE18;&#xE34;&#xE01;&#xE2A;&#xE21;&#xE32;&#xE04;&#xE21;&#xE41;&#xE2B;&#xE48;&#xE07;&#xE1B;&#xE23;&#xE30;&#xE40;&#xE17;&#xE28;&#xE44;&#xE17;&#xE22; &#xE43;&#xE19;&#xE1E;&#xE23;&#xE30;&#xE1A;&#xE23;&#xE21;&#xE23;&#xE32;&#xE0A;&#xE39;&#xE1B;&#xE16;&#xE31;&#xE21;&#xE20;&#xE4C;,</subfield>
    <subfield code="c">2568.</subfield>
  </datafield>
  <datafield tag="300" ind1=" " ind2=" ">
    <subfield code="a">119 &#xE2B;&#xE19;&#xE49;&#xE32; :</subfield>
    <subfield code="b">&#xE20;&#xE32;&#xE1E;&#xE1B;&#xE23;&#xE30;&#xE01;&#xE2D;&#xE1A; ;</subfield>
    <subfield code="c">21 &#xE0B;&#xE21;.</subfield>
  </datafield>
  <datafield tag="505" ind1="2" ind2=" ">
    <subfield code="a">&#xE1E;&#xE23;&#xE30;&#xE21;&#xE32;&#xE25;&#xE31;&#xE22;&#xE04;&#xE37;&#xE2D;&#xE43;&#xE04;&#xE23; -- &#xE1E;&#xE23;&#xE30;&#xE21;&#xE32;&#xE25;&#xE31;&#xE22;&#xE04;&#xE33;&#xE2B;&#xE25;&#xE27;&#xE07; &#xE1E;&#xE23;&#xE30;&#xE19;&#xE34;&#xE1E;&#xE19;&#xE18;&#xE4C; &#xE40;&#xE08;&#xE49;&#xE32;&#xE1F;&#xE49;&#xE32;&#xE18;&#xE23;&#xE23;&#xE21;&#xE18;&#xE34;&#xE40;&#xE1A;&#xE28; -- &#xE1E;&#xE23;&#xE30;&#xE21;&#xE32;&#xE25;&#xE31;&#xE22;&#xE04;&#xE33;&#xE2B;&#xE25;&#xE27;&#xE07; &#xE04;&#xE31;&#xE21;&#xE20;&#xE35;&#xE23;&#xE4C;&#xE21;&#xE32;&#xE25;&#xE31;&#xE22;&#xE2A;&#xE39;&#xE15;&#xE23; -- &#xE04;&#xE38;&#xE13;&#xE04;&#xE48;&#xE32;&#xE02;&#xE2D;&#xE07;&#xE1E;&#xE23;&#xE30;&#xE21;&#xE32;&#xE25;&#xE31;&#xE22;&#xE04;&#xE33;&#xE2B;&#xE25;&#xE27;&#xE07; -- &#xE40;&#xE17;&#xE28;&#xE19;&#xE4C;&#xE1E;&#xE23;&#xE30;&#xE21;&#xE32;&#xE25;&#xE31;&#xE22; -- &#xE1E;&#xE23;&#xE30;&#xE21;&#xE32;&#xE25;&#xE31;&#xE22;&#xE2A;&#xE39;&#xE15;&#xE23; --
&#xE20;&#xE32;&#xE04;&#xE17;&#xE48;&#xE2D;&#xE07;&#xE41;&#xE14;&#xE19;&#xE21;&#xE19;&#xE38;&#xE29;&#xE22;&#xE4C; -- &#xE1E;&#xE23;&#xE30;&#xE21;&#xE32;&#xE25;&#xE31;&#xE22;&#xE2A;&#xE19;&#xE17;&#xE19;&#xE32;&#xE01;&#xE31;&#xE1A;&#xE40;&#xE17;&#xE27;&#xE14;&#xE32; &#xE1C;&#xE25;&#xE1A;&#xE38;&#xE0D;&#xE17;&#xE35;&#xE48;&#xE17;&#xE33;&#xE43;&#xE2B;&#xE49;&#xE40;&#xE01;&#xE34;&#xE14;&#xE40;&#xE1B;&#xE47;&#xE19;&#xE40;&#xE17;&#xE27;&#xE14;&#xE32;&#xE43;&#xE19; &#xE1E;&#xE23;&#xE30;&#xE21;&#xE32;&#xE25;&#xE31;&#xE22;&#xE04;&#xE33;&#xE2B;&#xE25;&#xE27;&#xE07; -- &#xE1E;&#xE23;&#xE30;&#xE21;&#xE32;&#xE25;&#xE31;&#xE22;&#xE17;&#xE48;&#xE2D;&#xE07;&#xE19;&#xE23;&#xE01; -- &#xE1E;&#xE23;&#xE30;&#xE21;&#xE32;&#xE25;&#xE31;&#xE22;&#xE1E;&#xE1A;&#xE1E;&#xE23;&#xE30;&#xE28;&#xE23;&#xE35;&#xE2D;&#xE32;&#xE23;&#xE34;&#xE22;&#xE40;&#xE21;&#xE15;&#xE44;&#xE15;&#xE22; -- &#xE23;&#xE32;&#xE22;&#xE19;&#xE32;&#xE21;&#xE40;&#xE08;&#xE49;&#xE32;&#xE20;&#xE32;&#xE1E;&#xE01;&#xE31;&#xE13;&#xE11;&#xE4C;&#xE40;&#xE17;&#xE28;&#xE19;&#xE4C; &#xE1C;&#xE39;&#xE49;&#xE2A;&#xE19;&#xE31;&#xE1A;&#xE2A;&#xE19;&#xE38;&#xE19;&#xE07;&#xE32;&#xE19; &#xE41;&#xE25;&#xE30;&#xE1C;&#xE39;&#xE49;&#xE23;&#xE48;&#xE27;&#xE21;&#xE08;&#xE31;&#xE14;&#xE1E;&#xE34;&#xE21;&#xE1E;&#xE4C;&#xE2B;&#xE19;&#xE31;&#xE07;&#xE2A;&#xE37;&#xE2D;.</subfield>
  </datafield>
  <datafield tag="650" ind1=" " ind2="4">
    <subfield code="a">&#xE18;&#xE23;&#xE23;&#xE21;&#xE40;&#xE17;&#xE28;&#xE19;&#xE32;</subfield>
    <subfield code="9">10018</subfield>
  </datafield>
  <datafield tag="650" ind1=" " ind2="4">
    <subfield code="a">&#xE40;&#xE17;&#xE28;&#xE19;&#xE4C;</subfield>
    <subfield code="9">65648</subfield>
  </datafield>
  <datafield tag="653" ind1=" " ind2="4">
    <subfield code="a">&#xE1E;&#xE23;&#xE30;&#xE21;&#xE32;&#xE25;&#xE31;&#xE22;&#xE04;&#xE33;&#xE2B;&#xE25;&#xE27;&#xE07;</subfield>
  </datafield>
  <datafield tag="942" ind1=" " ind2=" ">
    <subfield code="c">GB</subfield>
    <subfield code="2">lcc</subfield>
  </datafield>
  <datafield tag="996" ind1=" " ind2=" ">
    <subfield code="a">kanyakorn.i</subfield>
    <subfield code="b">LIBSTF</subfield>
    <subfield code="c">2025-04-02</subfield>
  </datafield>
  <datafield tag="996" ind1=" " ind2=" ">
    <subfield code="a">saiphon.d</subfield>
    <subfield code="b">CATSTF	</subfield>
    <subfield code="c">2025-04-04</subfield>
  </datafield>
  <datafield tag="999" ind1=" " ind2=" ">
    <subfield code="c">106444</subfield>
    <subfield code="d">106444</subfield>
  </datafield>
  <datafield tag="998" ind1=" " ind2=" ">
    <subfield code="j">104</subfield>
    <subfield code="k"> &#xE19;&#xE32;&#xE07;&#xE2A;&#xE32;&#xE27;&#xE2A;&#xE32;&#xE22;&#xE1D;&#xE19;  &#xE14;&#xE35;&#xE07;&#xE32;&#xE21;</subfield>
  </datafield>
  <datafield tag="952" ind1=" " ind2=" ">
    <subfield code="0">0</subfield>
    <subfield code="1">0</subfield>
    <subfield code="2">local</subfield>
    <subfield code="4">0</subfield>
    <subfield code="7">0</subfield>
    <subfield code="8">CGBL</subfield>
    <subfield code="a">NALT</subfield>
    <subfield code="b">NALT</subfield>
    <subfield code="c">GEN</subfield>
    <subfield code="d">2025-04-02</subfield>
    <subfield code="l">0</subfield>
    <subfield code="o">BQ 5020 &#xE22;442&#xE17; 2568</subfield>
    <subfield code="p">3961214978</subfield>
    <subfield code="r">2025-04-02 00:00:00</subfield>
    <subfield code="t">&#xE09;.1</subfield>
    <subfield code="w">2025-04-02</subfield>
    <subfield code="y">GB</subfield>
  </datafield>
  <datafield tag="952" ind1=" " ind2=" ">
    <subfield code="0">0</subfield>
    <subfield code="1">0</subfield>
    <subfield code="2">local</subfield>
    <subfield code="4">0</subfield>
    <subfield code="7">0</subfield>
    <subfield code="8">CGBL</subfield>
    <subfield code="a">NALT</subfield>
    <subfield code="b">NALT</subfield>
    <subfield code="c">GEN</subfield>
    <subfield code="d">2025-04-02</subfield>
    <subfield code="l">0</subfield>
    <subfield code="o">BQ 5020 &#xE22;442&#xE17; 2568</subfield>
    <subfield code="p">3961214979</subfield>
    <subfield code="r">2025-04-02 00:00:00</subfield>
    <subfield code="t">&#xE09;.2</subfield>
    <subfield code="w">2025-04-02</subfield>
    <subfield code="y">GB</subfield>
  </datafield>
</record>
